000 00648nam a2200217 4500
001 135709
003 ES-MaACL
005 20251207151551.0
007 t|
008 070214s1964 sp r ||||1| spa d
100 1 _aRouart, Julien.
_999993
245 1 0 _aPsicopatología de la pubertad y de la adolescencia /
_cJulien Rouart ; traducción directa de F. Velasco.
250 _a3.ª. ed.
260 _aBarcelona :
_bLuis Miracle,
_c1964.
300 _a144 p. :
_bil. ;
_c19 cm.
490 1 _aCol. Paideia
700 1 _aVelasco, F.
_9113717
830 0 _aPaideia
_9179731
852 _aES-MaACL
_jC-30451
_bR.60787
999 _c135709
_d135709